Nutrition : the global challenge /
Guardado en:
| Formato: | Libro |
|---|---|
| Publicado: |
Roma :
F.a.o.,
1992
|
| Materias: | |
| Etiquetas: |
Agregar Etiqueta
Sin Etiquetas, Sea el primero en etiquetar este registro!
|
| LEADER | 01673nam a22002775a 4500 | ||
|---|---|---|---|
| 001 | CEM.cems016557 | ||
| 005 | 20111004124033.0 | ||
| 008 | 130507s1992##################000#0#####d | ||
| 003 | CEMS | ||
| 082 | 0 | 4 | |a 428.64 |
| 245 | 0 | 0 | |a Nutrition : |b the global challenge / |c Ood And Agriculture Organization Of The United Nations, |
| 260 | |a Roma : |b F.a.o., |c 1992 | ||
| 300 | |a 32 p. | ||
| 500 | |a Internacional Conference on Nutrition | ||
| 505 | 0 | |a Malnutrition in the world : global nutrition problems, an overview -- Better nutrition at home : improving household foof security -- Hidden hunger : preventing micronutrient deficiencies -- Enemies of health : allies of hunger, preventing and managing enfectious diseases -- The path to better living : promoting healthy diets and life styles -- The human touch : enhancing the capacity for care -- Protecting the consumer : food quality and safety -- The dimensions of malnutrition : assessing, analysing ande monitoring nutrition issues -- Nutrition, vital key to development incorporating nutrition objectives in development policies | |
| 653 | |a Nutrition | ||
| 653 | |a Nutrición | ||
| 653 | |a Nutrition global | ||
| 653 | |a Nutrición mundial-políticas de | ||
| 653 | |a Inglés | ||
| 859 | |a CEMS |b BIB. CEMS - Agricultura |h 428.64 |i F739 |p A17846.94 |t Ej.1 | ||
| 859 | |a CEMS |b BIB. CEMS - Agricultura |h 428.64 |i F739 |p A17847.94 |t Ej.2 | ||
| 859 | |a CEMS |b BIB. CEMS - Agricultura |h 428.64 |i F739 |p A17848.94 |t Ej.3 | ||
| 859 | |a CEMS |b BIB. CEMS - Agricultura |h 428.64 |i F739 |p A17849.94 |t Ej.4 | ||
| 859 | |a CEMS |b BIB. CEMS - Agricultura |h 428.64 |i F739 |p A17850.94 |t Ej.5 | ||
| 859 | |a CEMS |b BIB. CEMS - Agricultura |h 428.64 |i F739 |p A17851.94 |t Ej.6 | ||
